Statistics for NBA Players Wearing Jersey Number 2

Click here to take the quiz!

General Stats

  • This quiz has been taken 534 times
  • The average score is 3 of 17

Answer Stats

HintPlayer% Correct
Washington WizardsJohn Wall
93%
Cleveland CavaliersKyrie Irving
91%
San Antonio SpursKawhi Leonard
42%
Utah JazzMarvin Williams
20%
Phoenix SunsWesley Johnson
18%
New York KnicksRaymond Felton
13%
Chicago BullsNate Robinson
12%
Golden State WarriorsJarrett Jack
10%
Toronto RaptorsLandry Fields
5%
Oklahoma City ThunderThabo Sefolosha
5%
Portland Trail BlazersWesley Mathews
4%
Orlando MagicKyle O'Quinn
3%
Houston RocketsMarcus Morris
2%
New Orleans HornetsDarius Miller
1%
Charlotte BobcatsDeSagana Diop
1%
Brooklyn NetsJosh Childress
1%
Memphis GrizzliesJosh Selby
1%

Score Distribution

Percentile by Number Answered

Percent of People with Each Score

Your Score History

You have not taken this quiz